Je možno zobecňovať?

Výstižná charakteristika súčasného stavu účtovníctva, účtovných dokladov a úrovne znalostí pracovníkov účtární. Jednotná účtovná osnova, účtovné písomnosti a účtovní pracovníci. Rezervy a námety na zlepšenie. Nutnosť reformy účtovníctva podľa západných vzorov.

Guardado en:
Detalles Bibliográficos
Autor principal: Klozar, J.
Formato: Capítulo de libro
Lenguaje:checo
Materias:
Etiquetas: Agregar Etiqueta
Sin Etiquetas, Sea el primero en etiquetar este registro!

MARC

LEADER 00000naa a2200000 4500
001 r008128
005 20220831085411.2
041 0 |a cze 
044 |a [CS] 
245 1 0 |a Je možno zobecňovať?  |c J. Klozar 
520 |a Výstižná charakteristika súčasného stavu účtovníctva, účtovných dokladov a úrovne znalostí pracovníkov účtární. Jednotná účtovná osnova, účtovné písomnosti a účtovní pracovníci. Rezervy a námety na zlepšenie. Nutnosť reformy účtovníctva podľa západných vzorov. 
610 2 0 |a účtovníctvo 
610 2 0 |a doklady účtovné 
610 2 0 |a osnova účtová 
610 2 0 |a učtárne 
610 2 0 |a pracovníci 
100 1 |a Klozar, J.